00338 a2200145 450000100060000002000150000604000240002110000220004524000370006724500320010430000080013636200090014444000080015365000310016170189 a8532252230 cAnchieta - Itaigara aMunduruku, Daniel10aUm estranho sonho de futurolpor10aUm estranho sonho de futuro a1080 a2004 1aFTD 4aLiteratura infanto-juvenil